NFL PLAYER'S COLLEGE'S - Statistics

General Stats
  • This quiz has been taken 578 times
    549 since last reset
  • The average score is 15 of 19
Answer Stats
Hint Position Answer % Correct
Joe burrow QB LSU
100%
Justin Jefferson wr LSU
100%
Derrick Henry Rb Alabama
98%
CJ Stroud QB Ohio St
95%
Justin Herbert QB Oregon
95%
Saquon Barkley RB Penn St
95%
Lamar Jackson QB Louisville
94%
Aaron Rodgers QB CAL
93%
Josh Allen QB Wyoming
90%
Zach wilson QB BYU
89%
Dk Metcalf Wr Ole miss
83%
Peyton Manning QB Tennessee
83%
TJ hockenson TE Iowa
71%
Drew Brees QB Purdue
69%
Big Ben QB Miami OH
60%
Cole kmet TE Notre Dame
46%
DJ moore wr Maryland
43%
Dan Marino QB Pitt
43%
Josh Hines Allen LB Kentucky
35%
No matching quizzes found
Score Distribution
Percent of People with Each Score
Percentile by Number Answered
Your Score History
You have not taken this quiz since the last reset